00946cam a2200157 a 4500020002600000020002300026082001400049100001800063245007500081250001200156260004200168300002800210505050600238650001600744650002800760 a9780470597262 (cloth) a0470597267 (cloth)00a658.4/0921 aLi, Charlene.10aOpen leadership :How Social Technology can Transform the way you lead/ a1st ed. aSan Francisco :bJossey-Bass,cc2010. axviii, 311 p. :bill. ;0 aThe upside of giving up control -- Why giving up control is inevitable -- The ten elements of openness -- Crafting your open strategy --Objectives determine how open you will be -- Understanding and measuring the benefits of being open -- Structuring openness with sandbox covenants -- Orchestrating your open strategy -- Open leadership: redefining relationships -- Open leadership: mind=sets and traits -- Nurturing open leadership -- The failure imperative -- How openness transforms organizations. 0aLeadership. 0aOnline social networks.